Russian Footballers in the English Premier League - Statistics

General Stats
  • This quiz has been taken 267 times
  • The average score is 4 of 8
Answer Stats
Year Teams played for Answer % Correct
2008-13 Arsenal Andrey Arshavin
98%
2009-11 Chelsea Yuri Zhirkov
58%
2008-12 Tottenham Hotspur Roman Pavlyuchenko
57%
1992-97, 2000-01, 2002-03 Manchester United, Everton, Manchester City, Southampton Andrei Kanchelskis
51%
2011-13 Fulham, Reading Pavel Pogrebnyak
48%
2009-12 Everton Diniyar Bilyaletdinov
38%
2003-08 Portsmouth, Chelsea, Charlton, Fulham Alexey Smertin
36%
1992-99 Chelsea Dmitri Kharine
18%
No matching quizzes found
Score Distribution
Percent of People with Each Score
Percentile by Number Answered
Your Score History
You have not taken this quiz